A Mexican elite family, 1820-1980 : kinship, class, and culture /

Bibliographic Details
Main Author: Lomnitz, Larissa Adler de
Other Authors: Pérez Lizaur, Marisol
Format: Book
Language:English
Spanish
Published: Princeton, N.J. : Princeton University Press, [1987]
Subjects:

MARC

Tag First Indicator Second Indicator Subfields
LEADER 00000cam a2200000 a 4500
001 in00000031094
005 20151007054947.0
008 870514s1987 njua b 00110 eng
010 |a  87003037  
020 |a 0691077371 (alk. paper) :  |c $37.50 
020 |a 0691022844 (pbk.: alk. paper) :  |c $14.50 
035 |a (OCoLC)15789643 
035 |9 AAB6770AM 
040 |a DLC  |c DLC  |d TXA  |d UtOrBLW 
041 1 |a eng  |a spa 
043 |a n-mx--- 
049 |a TXAM  |c [A11504705] 
050 0 0 |a HQ561  |b .L66 1987 
082 0 |a 306.8/5/0972  |2 19 
100 1 |a Lomnitz, Larissa Adler de. 
245 1 2 |a A Mexican elite family, 1820-1980 :  |b kinship, class, and culture /  |c Larissa Adler Lomnitz and Marisol Perez-Lizaur ; translated by Cinna Lomnitz. 
264 1 |a Princeton, N.J. :  |b Princeton University Press,  |c [1987] 
264 4 |c ©1987 
300 |a xv, 294 pages :  |b illustrations ;  |c 24 cm. 
336 |a text  |b txt  |2 rdacontent 
337 |a unmediated  |b n  |2 rdamedia 
338 |a volume  |b nc  |2 rdacarrier 
504 |a Bibliography: pages 257-284. 
500 |a Includes index. 
650 0 |a Families  |z Mexico. 
650 0 |a Kinship  |z Mexico. 
650 0 |a Family corporations  |z Mexico. 
650 0 |a Elite (Social sciences)  |z Mexico. 
651 0 |a Mexico  |x Economic conditions. 
700 1 |a Pérez Lizaur, Marisol. 
999 |a MARS 
999 f f |s 5eb2f3f3-41fc-31aa-b0a3-1fbd82692e49  |i f0db5f73-ac57-3f31-a2e1-cd678e8ff54e  |t 0 
952 f f |p ric  |a Texas A&M University  |b Rellis Campus  |c Joint Library Facility  |d Remote Storage  |t 0  |e HQ561 .L66 1987  |h Library of Congress classification  |i unmediated -- volume  |m A14811504705 
998 f f |a HQ561 .L66 1987  |t 0  |l Remote Storage